000 00691nam a2200193Ia 4500
003 GCL
008 140319s9999 xx 000 0 ara d
040 _aGCL /
_cGCL
082 0 4 _a362.7
_bأ هـ
100 1 _aالسيد على شتا
245 1 0 _aهموم الشباب فى المجتمع العربى :
_bبرؤية ظاهرية /
_cالسيد على شتا
260 _aالقاهرة :
_bالمكتبة المصرية ،
_c2004
300 _a144ص ؛
_c27سم
490 _aالشباب العربى
_v1
650 0 4 _aالشباب - علم النفس
650 0 4 _aالشباب - رعاية اجتماعية
650 0 4 _aالشباب - رعاية وعلاج
942 _2ddc
_cBK
999 _c56610
_d56610